000 01766nam0a22003371 4500
001 v19\rc\1870585
005 20251118180235.5
035 _a(NLR Aleph) 004961896
090 _a5992759
_c5992759
100 _a20080221d1910 u y0rusy50 ca
101 0 _arus
102 _aRU
105 _aa z |||||
200 1 _aЧто и когда нужно делать в саду, на огороде, в теплице, в парниках, в комнатах, в лесу
_eПодроб. календарь работ по временам года
_fП.В. Горский
210 _aСанкт-Петербург
_cП.П. Сойкин
_d[1910]
215 _a95 с.
_cил.
_d21
225 1 _aСадовая библиотека
_vВып. 5 и 6
311 _aБеспл. прил. к журн. "Прогрессив. садоводство и огородничество" за 1910 г.
422 0 _12001#$aПрогрессивное садоводство и огородничество$v1910
_tПрогрессивное садоводство и огородничество
423 0 _11010#$arus
_12001#$aКак самому устроить комнатную тепличку с отоплением$fН.А. Пономарев
_1700#1$aПономарев$bН.А.
_tКак самому устроить комнатную тепличку с отоплением
_aПономарев, Н.А.
700 1 _aГорский
_bП.В.
_gПавел Владимирович
801 0 _aRU
_bNLR
_gpsbo
801 0 _aRU
_bRuMoRGB
_2psbo
801 1 _aRU
_bProSoft-M
_2rusmarc
852 _aNLR
_j45/347
899 _aRuMoRGB
_jJ 84/147 (1910, вып. 5-6)
899 _aRuMoRGB
_jJ 51/224
899 _aБАН
899 _aНБ МГУ
942 _cBOOK
980 _aNB